Fill in the Blank - Cities - Statistics

General Stats
  • This quiz has been taken 809 times
  • The average score is 16 of 20
Answer Stats
Hint Answer % Correct
___ Angeles - USA Los
99%
____ Kong - China Hong
98%
___ Delhi - India New
98%
____ Town - South Africa Cape
97%
___ Jose - Costa Rica San
96%
______ Aires - Argentina Buenos
95%
Tel ____ - Israel Aviv
93%
_____ Lumpur - Malaysia Kuala
92%
Abu _____ - United Arab Emirates Dhabi
91%
Rio de _______ - Brazil Janeiro
91%
Saint __________ - Russia Petersburg
90%
____-au-Prince - Haiti Port
89%
La ___ - Bolivia Paz
84%
Santo _______ - Dominican Republic Domingo
82%
Addis _____ - Ethiopia Ababa
81%
___ Hague - Netherlands The
79%
______ Juarez - Mexico Ciudad
41%
Quezon ____ - Philippines City
40%
Nuku-_____ - Tonga Alofa
38%
Nizhny ________ - Russia Novgorod
36%
No matching quizzes found
Score Distribution
Percent of People with Each Score
Percentile by Number Answered
Your Score History
You have not taken this quiz